| 000 | 00556nam a2200217Ia 4500 | ||
|---|---|---|---|
| 003 | OSt | ||
| 005 | 20221005125458.0 | ||
| 006 | a|||||r|||| 00| 0 | ||
| 007 | ta | ||
| 008 | 221004b |||||||| |||| 00| 0 eng d | ||
| 024 | _a63125 | ||
| 037 | _cTextual | ||
| 040 |
_aCRL _cCRL _beng |
||
| 041 |
_2eng _aeng |
||
| 082 | _aV231:8-1:M0, J3.1-;2 J3.2-;1 | ||
| 245 | 0 | _aPersian records of Marathas history | |
| 260 | _c1953 | ||
| 650 | _aHISTORY | ||
| 942 |
_hV231:8-1:M0, J3.1-;2 J3.2-;1 _cTEXL _2cc |
||
| 999 |
_c1054135 _d1054135 |
||